[Event " letsdig18"]
[Site "http://www.queenalice.com/game.php?id=1584361"]
[Date "2019.9.25"]
[Round "-"]
[White "zubarev"]
[Black "rodlp"]
[Result "0-1"]
[WhiteElo "1797"]
[BlackElo "1500"]

1. c4 b6 2. d4 Bb7 3. g3 Bxh1 4. Bg2 Bxg2 5. Nf3 Bxf3 6. e3 Bxd1 7. Nc3 Bg4 8.
Nd1 Nf6 9. Kf1 Bxd1 10. Bd2 Bf3 11. Rd1 Ne4 12. b3 Nc6 13. a3 Qc8 14. a4 Qa6 15.
Kg1 Bxd1 16. Kg2 Bg4 17. h3 Bf5 18. Kf1 Nxd2+ 19. Kg2 Be4+ 20. Kg1 Nb4 21. g4
Nd3 22. h4 Ne1 23. g5 Bg2 24. f3 Ndxf3+ 25. Kf2 Qa5 26. d5 Qd2+ 27. Kg3 Qxe3 28.
b4 Nxg5+ 29. Kh2 Qh3+ 30. Kg1 Ne4 0-1

[Event " Dae Eun Kim"]
[Site "http://www.queenalice.com/game.php?id=1584603"]
[Date "2019.9.26"]
[Round "-"]
[White "zubarev"]
[Black "rodlp"]
[Result "0-1"]
[WhiteElo "1872"]
[BlackElo "1965"]

1. Nf3 g6 2. g3 Bg7 3. Bg2 c5 4. O-O Nc6 5. Nc3 d5 6. e3 Nf6 7. d3 O-O 8. Bd2 d4
9. exd4 cxd4 10. Ne4 Nxe4 11. dxe4 e5 12. c3 Re8 13. cxd4 exd4 14. Re1 Bg4 15.
Qc2 d3 16. Qb3 Bxf3 17. Bxf3 Nd4 18. Qd1 Nc2 19. Bc3 Bxc3 20. bxc3 Rc8 21. Rb1
Nxe1 22. Rxb7 d2 0-1

[Event "bandeija a R$ 7,49"]
[Site "http://www.queenalice.com/game.php?id=1584606"]
[Date "2019.9.25"]
[Round "-"]
[White "rodlp"]
[Black "zubarev"]
[Result "1-0"]
[WhiteElo "1849"]
[BlackElo "1797"]

1. a4 e5 2. a5 Nf6 3. Nc3 Nc6 4. e4 Bb4 5. Nd5 O-O 6. Bb5 Nxe4 7. Qe2 Nd6 8.
Bxc6 dxc6 9. Nxb4 Bd7 10. Nf3 a6 11. Nxe5 c5 12. Nbd3 Bb5 13. Qf3 1-0

[Event "AUTO-OPEN-4100"]
[Site "http://www.queenalice.com/game.php?id=1585998"]
[Date "2019.10.7"]
[Round "1"]
[White "Gera"]
[Black "rodlp"]
[Result "0-1"]
[WhiteElo "2026"]
[BlackElo "2210"]

1. d4 Nf6 2. c4 e6 3. Nc3 Bb4 4. Bd2 c5 5. d5 O-O 6. d6 Ne8 7. a3 Ba5 8. Ne4 Nc6
9. Nf3 f5 10. Bxa5 Nxa5 11. Nxc5 Nxc4 12. e4 Ncxd6 13. exf5 Nxf5 14. Bd3 b6 15.
Ne4 Nf6 16. O-O Bb7 17. Qe2 Nxe4 18. Bxe4 Bxe4 19. Qxe4 Nd6 20. Qd3 Nf5 21. Rfd1
d5 22. Rac1 Rc8 23. Rxc8 Qxc8 24. Ne5 Nd6 25. Rd2 Qc1+ 26. Rd1 Qxb2 27. Nf3 Ne4
28. Qe3 Rc8 29. g3 Rc3 30. Rd3 Qb1+ 31. Ne1 Rc1 32. Kf1 Rxe1+ 33. Qxe1 Qxd3+ 34.
Kg2 Qxa3 35. Qe2 Qc3 36. Qa6 Qc2 37. Qb5 Qxf2+ 38. Kh3 Ng5+ 39. Kh4 Qxh2+ 40.
Kg4 Qh3+ 41. Kf4 Qf5+ 42. Ke3 d4+ 0-1

[Event "AUTO-OPEN-4100"]
[Site "http://www.queenalice.com/game.php?id=1585999"]
[Date "2019.10.7"]
[Round "1"]
[White "rodlp"]
[Black "Gera"]
[Result "1-0"]
[WhiteElo "2141"]
[BlackElo "2021"]

1. d4 d5 2. c4 c6 3. Nf3 e6 4. Nc3 Nd7 5. e4 dxe4 6. Nxe4 Ngf6 7. Nxf6+ Nxf6 8.
c5 Nd5 9. Bc4 Be7 10. O-O O-O 11. Re1 Qc7 12. Bg5 b5 13. Bxd5 cxd5 14. Bxe7 Qxe7
15. Rc1 a5 16. Qb3 Ba6 17. Qxd5 exd5 18. Rxe7 b4 19. c6 a4 20. Ne5 f6 21. Nd7
Ra7 22. Nxf6+ Rxf6 23. Rxa7 Bb5 24. c7 Bd7 25. c8=Q+ Bxc8 26. Rxc8+ Rf8 27.
Rxf8+ Kxf8 28. Rxa4 b3 29. axb3 h5 30. Ra5 h4 31. Rxd5 h3 32. gxh3 g5 33. Re5 g4
34. hxg4 Kf7 35. Kg2 Kf6 36. b4 Kg6 37. b5 1-0

[Event "AUTO-OPEN-4100"]
[Site "http://www.queenalice.com/game.php?id=1586020"]
[Date "2019.10.7"]
[Round "1"]
[White "rodlp"]
[Black "Takeda"]
[Result "1-0"]
[WhiteElo "2054"]
[BlackElo "2081"]

1. d4 g6 2. c4 Bg7 3. e4 d6 4. Nc3 Nf6 5. h3 O-O 6. Nf3 Nbd7 7. Bg5 b6 8. Bd3 c5
9. d5 a6 10. Qd2 Ne5 11. Nxe5 dxe5 12. O-O Bd7 13. Rfe1 b5 14. cxb5 axb5 15.
Nxb5 Bxb5 16. Bxb5 Qb6 17. a4 Nh5 18. Bxe7 Rfc8 19. d6 1-0

[Event "AUTO-OPEN-4100"]
[Site "http://www.queenalice.com/game.php?id=1586021"]
[Date "2019.10.7"]
[Round "1"]
[White "Takeda"]
[Black "rodlp"]
[Result "0-1"]
[WhiteElo "2081"]
[BlackElo "2163"]

1. e4 c5 2. Nf3 Nf6 3. e5 Nd5 4. Bc4 Nb6 5. Qe2 Nxc4 6. Qxc4 b6 7. O-O Bb7 8.
Ng5 e6 9. d3 h6 10. Ne4 Nc6 11. Nd6+ Bxd6 12. exd6 Nd4 13. a4 Bd5 14. Qa6 Nxc2
15. Nc3 Nxa1 16. Nb5 O-O 17. Nc7 Qf6 18. Nxa8 Rxa8 19. a5 Nb3 20. axb6 axb6 21.
Qxb6 Nxc1 22. Rxc1 Qg5 0-1

[Event "AUTO-OPEN-4100"]
[Site "http://www.queenalice.com/game.php?id=1586022"]
[Date "2019.10.7"]
[Round "1"]
[White "rodlp"]
[Black "RaulSoft"]
[Result "1-0"]
[WhiteElo "2042"]
[BlackElo "2512"]

1. d4 Nf6 2. c4 e6 3. a3 d5 4. Nc3 c5 5. cxd5 cxd4 6. Qxd4 Nc6 7. Qd3 exd5 8.
Nf3 Be7 9. g3 Bg4 10. Bg2 Qd7 11. Bf4 Bf5 12. Qb5 Rd8 13. O-O Ne4 14. Rfd1 Nxc3
15. bxc3 O-O 16. c4 d4 17. Ne5 Nxe5 18. Bxe5 Qxb5 19. cxb5 d3 20. exd3 Bxd3 21.
a4 b6 22. Rdc1 Rc8 23. Bc6 Bb4 24. Bc3 Bc5 25. a5 h6 26. Be5 Bf5 27. a6 Kh7 28.
Rxc5 bxc5 29. Bb7 Rcd8 30. b6 axb6 31. g4 Bxg4 32. a7 Rfe8 33. Bc7 Rd7 34. Bc6
Rxc7 35. Bxe8 Bf3 36. a8=Q Bxa8 37. Rxa8 c4 38. Ba4 g6 39. Rb8 c3 40. Bc2 Rc6
41. Kg2 Kg7 42. h4 Kf6 43. Rb7 Kg7 44. Kg3 Kf6 45. Kf3 Kg7 46. Kf4 Rf6+ 47. Kg3
Rc6 48. f3 Kf8 49. Kg4 Kg7 50. Kf4 Rc4+ 51. Kg3 Rc6 52. Kf4 Rc4+ 53. Ke3 Rxh4
54. Bb3 b5 55. Rxf7+ Kh8 56. Bc2 g5 57. Rh7+ Kg8 58. Rb7 g4 59. fxg4 Rxg4 60.
Rxb5 Kg7 61. Rc5 Kf6 62. Be4 Rg5 63. Rc6+ 1-0

[Event "AUTO-OPEN-4100"]
[Site "http://www.queenalice.com/game.php?id=1586023"]
[Date "2019.10.7"]
[Round "1"]
[White "RaulSoft"]
[Black "rodlp"]
[Result "1-0"]
[WhiteElo "2509"]
[BlackElo "2042"]

1. d4 d5 2. c4 Be6 3. cxd5 Bxd5 4. Nc3 Nf6 5. f3 Bc6 6. e4 e5 7. Nge2 exd4 8.
Nxd4 Bc5 9. Be3 Bd7 10. Ne6 Bxe6 11. Qxd8+ Kxd8 12. Bxc5 Nbd7 13. Be3 Ke7 14. f4
g6 15. O-O-O c6 16. Bd3 b5 17. f5 Ng4 18. Bd4 Bc4 19. Bxc4 bxc4 20. Bxh8 Rxh8
21. Rd4 Nde5 22. Nd1 Nd3+ 23. Kd2 Nge5 24. Ne3 Nf2 25. Rc1 c5 26. Rd5 Nxe4+ 27.
Ke2 Nd3 28. Rf1 Nf6 29. fxg6 hxg6 30. Rg5 Ne4 31. Rg4 Nd6 32. Nxc4 f5 33. Rg3
Nxc4 34. Kxd3 Ne5+ 35. Kc2 Rxh2 36. Rf2 Rh4 37. Rd2 Rc4+ 38. Kb1 Re4 39. Rc3 Nc4
40. Rdc2 Ne3 41. Re2 f4 42. Ra3 g5 43. Rxa7+ Kd6 44. Rg7 Re5 45. a4 c4 46. Rg6+
Ke7 47. Ra6 Rd5 48. g3 Rd6 49. Ra7+ Kf6 50. gxf4 gxf4 51. a5 Rd1+ 52. Ka2 1-0

[Event "Let's Play Chess!"]
[Site "http://www.queenalice.com/game.php?id=1586952"]
[Date "2019.10.16"]
[Round "-"]
[White "charles31"]
[Black "rodlp"]
[Result "0-1"]
[WhiteElo "1737"]
[BlackElo "2042"]

1. Nc3 d5 2. d4 c5 3. dxc5 e5 4. h3 Nf6 5. Bg5 Bxc5 6. e3 O-O 7. a3 Nc6 8. Bb5
d4 9. exd4 exd4 10. Nce2 Qa5+ 0-1

[Event "Let's Play Chess!"]
[Site "http://www.queenalice.com/game.php?id=1586953"]
[Date "2019.10.16"]
[Round "-"]
[White "rodlp"]
[Black "charles31"]
[Result "1-0"]
[WhiteElo "2210"]
[BlackElo "1728"]

1. c4 e5 2. g3 Nf6 3. Nc3 Nc6 4. Bg2 d6 5. e4 Bg4 6. Nf3 Nd4 7. h3 Bh5 8. g4 Bg6
9. d3 c6 10. Nxd4 h6 11. Nf3 Be7 12. Nh4 Bh7 13. Nf5 Bxf5 14. exf5 g6 15. fxg6
fxg6 16. d4 exd4 17. Qxd4 Qc7 18. O-O b6 19. Re1 O-O-O 20. Bxc6 Qxc6 21. Rxe7 g5
22. Qxf6 a6 23. Nd5 Rhf8 24. Qe6+ Kb8 25. Qxh6 Rh8 26. Qxg5 Rxh3 27. Bf4 Qxc4
28. Rc7 Qxc7 29. Nxc7 Kxc7 30. Qe7+ Kc8 31. Rc1+ 1-0

[Event "AUTO-MASTER-2884"]
[Site "http://www.queenalice.com/game.php?id=1587178"]
[Date "2019.10.17"]
[Round "1"]
[White "rodlp"]
[Black "maurice91"]
[Result "1-0"]
[WhiteElo "2101"]
[BlackElo "1815"]

1. d4 c6 2. c4 d6 3. Nc3 Nd7 4. e4 h6 5. Nf3 g5 6. Be2 Bg7 7. O-O Nf8 8. h4 g4
9. Ne1 h5 10. Be3 f5 11. g3 e6 12. exf5 exf5 13. Ng2 Nf6 14. Re1 Ng6 15. Nf4
Nxf4 16. Bxf4 O-O 17. Bd3 d5 18. c5 Ne4 19. Ne2 Qb6 20. cxb6 1-0

[Event "AUTO-MASTER-2884"]
[Site "http://www.queenalice.com/game.php?id=1587179"]
[Date "2019.10.17"]
[Round "1"]
[White "maurice91"]
[Black "rodlp"]
[Result "0-1"]
[WhiteElo "1798"]
[BlackElo "2113"]

1. d4 d5 2. Bf4 c5 3. e3 Nc6 4. c3 g6 5. Nd2 Qb6 6. Qc2 Nf6 7. h3 Bg7 8. a4 Bf5
9. Bd3 Bxd3 10. Qxd3 Qxb2 11. Rb1 c4 12. Qe2 Qxc3 13. Rxb7 Ne4 14. Rb1 Nb4 15.
Nf3 Qc2 16. O-O Nc3 17. Qe1 Nd3 18. Nxc4 Nxe1 19. Rfxe1 Nxb1 20. Nce5 Bxe5 0-1

[Event "AUTO-MASTER-2884"]
[Site "http://www.queenalice.com/game.php?id=1587180"]
[Date "2019.10.17"]
[Round "1"]
[White "rodlp"]
[Black "Fauquinelle"]
[Result "1-0"]
[WhiteElo "2223"]
[BlackElo "2071"]

1. d4 d5 2. c4 Nf6 3. cxd5 Nxd5 4. Nc3 c6 5. e4 Nf6 6. Nf3 Bg4 7. Be2 e6 8. Be3
Bb4 9. O-O O-O 10. a3 Ba5 11. b4 Bb6 12. h3 Bh5 13. Re1 Bg6 14. Bg5 h6 15. Bh4
Bh7 16. e5 g5 17. Bxg5 hxg5 18. exf6 Qxf6 19. Qd2 Bd8 20. Bd3 Bf5 21. Ne4 Bxe4
22. Rxe4 Qg7 23. Rg4 f6 24. Re1 Re8 25. Bc4 Kf7 26. Qe3 Na6 27. h4 Nc7 28. hxg5
fxg5 29. Nxg5+ Bxg5 30. Rxg5 Qf6 31. Rg3 Ke7 32. Rf3 Qg6 33. Qe5 Kd7 34. Rg3 Qh6
35. Rg7+ Re7 36. Rxe7+ 1-0

[Event "AUTO-MASTER-2884"]
[Site "http://www.queenalice.com/game.php?id=1587181"]
[Date "2019.10.17"]
[Round "1"]
[White "Fauquinelle"]
[Black "rodlp"]
[Result "0-1"]
[WhiteElo "1969"]
[BlackElo "2120"]

1. d4 d5 2. c4 e6 3. Nc3 Nf6 4. Bg5 dxc4 5. a3 Nc6 6. e3 Na5 7. Qa4+ c6 8. Bxf6
gxf6 9. Nf3 Nb3 10. Rd1 b5 11. Nxb5 cxb5 12. Qxb5+ Bd7 13. Qxc4 Qa5+ 14. Qc3
Qxc3+ 15. bxc3 Bxa3 16. c4 Bb4+ 17. Ke2 Rc8 0-1

[Event "AUTO-MASTER-2884"]
[Site "http://www.queenalice.com/game.php?id=1587182"]
[Date "2019.10.17"]
[Round "1"]
[White "rodlp"]
[Black "cerenzo72"]
[Result "1/2-1/2"]
[WhiteElo "2242"]
[BlackElo "2209"]

1. c4 g6 2. g3 Bg7 3. Bg2 d6 4. d4 c6 5. Nf3 Nf6 6. O-O O-O 7. b3 Bf5 8. Re1
Nbd7 9. Nc3 c5 10. e4 Bg4 11. h3 Bxf3 12. Bxf3 cxd4 13. Qxd4 Nd5 14. Qxd5 Bxc3
15. Bh6 Re8 16. Qxb7 Bxa1 17. Rxa1 f6 18. e5 Nxe5 19. Bd5+ Kh8 20. Qxa8 Qxa8 21.
Bxa8 Rxa8 22. Kg2 g5 23. h4 Nf7 24. hxg5 fxg5 25. Rh1 Rg8 26. f4 Nxh6 27. Rxh6
gxf4 28. g4 Rxg4+ 29. Kf3 Rg6 30. Rxg6 hxg6 31. b4 Kg7 32. Kxf4 e5+ 33. Ke4 Kf6
34. a4 Ke6 35. b5 Kd7 36. a5 Kc7 37. Kf3 Kd7 38. Kg4 Kc7 39. Kg5 Kb7 40. Kg4 a6
41. b6 Kc6 42. Kg3 Kb7 43. Kg4 Kc6 44. Kg3 Kb7 45. Kg4 1/2-1/2

[Event "AUTO-MASTER-2884"]
[Site "http://www.queenalice.com/game.php?id=1587183"]
[Date "2019.10.17"]
[Round "1"]
[White "cerenzo72"]
[Black "rodlp"]
[Result "0-1"]
[WhiteElo "2160"]
[BlackElo "2185"]

1. b3 e5 2. Bb2 Nc6 3. e3 d6 4. Bb5 Bd7 5. Nc3 Qg5 6. Qf3 a6 7. Bc4 Nf6 8. Ne4
Nxe4 9. Bxf7+ Ke7 10. Qxe4 Kxf7 11. f4 Qf5 12. Qf3 Qxc2 13. fxe5+ Ke8 14. Bc3
dxe5 15. Qg3 Qg6 16. Qf2 Nb4 17. Bxb4 Bxb4 18. a3 Rf8 19. Qe2 Bb5 0-1